01662 a2200193 45000010006000000050017000060080041000230030015000640400040000790800048001192450046001670200022002132500012002352640041002473000019002885051025003071000020013328560116013522154120260407155505.0260407a2013 arg spa dAR-UNSa-BCEJYS aAR-UNSa-BCEJYSbspacAR-UNSa-BCEJYS a347.7xDerecho Mercantil. Derecho Comercial10aCurso de derecho comercialpParte general a978-950-20-2328-1 a5a. ed. 1aBuenos Aires :bAbeledo Perrotc2013 a341 p.c24 cm. a1. Origen y evolución del derecho mercantil - 2. La ley aplicable en materia comercial. Usos y costumbres - 3. Actos de comercio - 4. La jurisdicción mercantil - 5. La empresa mercantil - 6. Órganos auxiliares y de control del comercio y de las sociedades - 7. El comerciante individual - 8. Nociones generales - 9. Elementos generales y específicos del contrato de sociedad - 10. Personalidad de las sociedades - 11. Formas de constitución. Ley aplicable. Interpretación del contrato - 12. Distinción de las sociedades civiles y comerciales. Distinción de otros contratos e instituciones. Socio aparente. Socio oculto - 13. Régimen de las sociedades constituidas en el extranjero - 14. Clasificación de las sociedades - 15. Transformación de la sociedad - 16. Fusión y escisión de sociedades - 17. Sociedades irregulares y de hecho - 18. Nulidad - 19. Derechos y obligaciones de los socios - 20. Administración de la sociedad - 21. Gobierno de la sociedad - 22. Disolución y liquidación1 aHalperin, Isaac41uhttps://biblioeco.unsa.edu.ar/pmb/images/libros/Curso de Derecho Comercial 2.jpgyImagen de portadaqimage/jpeg